Statistics for Breaking Benjamin Charting Songs (Billboard Hot 100)

Click here to take the quiz!

General Stats

  • This quiz has been taken 21 times
  • The average score is 4 of 7

Answer Stats

AlbumWeeks OnPeakSong% Correct
Phobia20 Weeks#50The Diary of Jane
94%
Dear Agony20 Weeks#40I Will Not Bow
76%
We Are Not Alone20 Weeks#76So Cold
65%
Dark Before Dawn1 Week#80Failure
59%
Phobia7 Weeks#84Breath
47%
Dear Agony5 Weeks#97Give Me a Sign
41%
We Are Not Alone2 Weeks#99Sooner or Later
29%

Score Distribution

Percentile by Number Answered

Percent of People with Each Score

Your Score History

You have not taken this quiz